Представление документа в формате RUSMARC

ПолеНазваниеЗначение
  Тип записи a
  Библиографический уровень a
001 Контрольный номер RU/CBS_UL/BASE/ecced6e3a7cc44cabda679e416d995c9
005 Дата корректировки 20260411153949.0
100 Данные общей обработки __
a Данные общей обработки 20260411 ||| 0rusy0189 ca
101 Язык документа 0_
a Язык текста rus
102 Страна публикации __
a Страна публикации RU
200 Заглавие и сведения об ответственности 1_
a Заглавие Труды и подвиги героев Шипки
e Сведения, относящиеся к заглавию [о том, как боевой офицер А.И. Липинский исследовал Симбирский край]
f Первые сведения об ответственности Ю. Козлов
300 Общие примечания __
a Общие примечания Прил. - с. 4. - (Аргументы и факты в Ульяновске)
300 Общие примечания __
a Общие примечания 16+
461 Уровень набора _0
1 2000
a Аргументы и факты
463 Уровень физической единицы _0
1 2000
a № 14 (8-14 апр.)
1 2101
d 2026
1 001RU/CBS_UL/BASE/8be78fd247ef4bf9b3bd9b65ced98c28
600 Персоналии _1
a Персоналии (Фамилия) Липинский
b Персоналии (Имя, инициалы) А.И.
606 Тематические рубрики 0_
a Основная рубрика Липинский, Александр Иосифович (1830-1882)
z Хронологическая подрубрика Симбирская губерния
610 Ключевые слова 0_
a Ключевые слова деятели исторические, деятели военные, генерал-майоры, герои русско-турецкой войны 1877-1878 гг., исследователи Симбирского края
686 Индексы других классификаций __
2 Код системы rubbk
a Классификационный индекс 63.3(2)5-8
700 Автор _1
a Фамилия Козлов
b Имя (инициалы) Ю.
801 Источник записи _0
a Страна RU
b Организация МБУК ЦБС г. Ульяновска
c Дата составления 20260411
g Правила каталогизации RCR
801 Источник записи _1
a Страна RU
b Организация МБУК ЦБС г. Ульяновска
c Дата составления 20260411
g Правила каталогизации RCR
901 Тип документа __
t Тип документа f
w Контрольный № источника RU/CBS_UL/BASE/8be78fd247ef4bf9b3bd9b65ced98c28
909 Создатель записи __
a Создатель записи lib1